| 000 | 02261nam a2200613 i 4500 | ||
|---|---|---|---|
| 001 | 25904 | ||
| 003 | KOSZ 005 | ||
| 005 | 20200827115445.0 | ||
| 008 | 200827s1971 pl a f 000 0 pol | ||
| 015 | _aUWD B 728/70-72 | ||
| 035 | _a991038119579705066 | ||
| 035 | _a(PL-WaBN)b20211387-48omnis_nlop | ||
| 035 | _ab20211387 | ||
| 035 | _a(OCoLC)839063816 | ||
| 035 | _a(PL)b0000002021138 | ||
| 035 | _a(EXLNZ-48OMNIS_NETWORK)9910337532205606 | ||
| 040 |
_aWA N _cWA N _dKOSZ 005/RW |
||
| 046 | _k1971 | ||
| 080 | _a621.38 | ||
| 080 | _a621.315 | ||
| 080 | _a543.4 | ||
| 080 | _a661 | ||
| 245 | 0 | 0 |
_aOddziaływanie wymienne w widmie ekscytonów w tellurku cynku / _cW. Wardzyński [et al.] ; Instytut Technologii Elektronowej przy Naukowo-Produkcyjnym Centrum Półprzewodników. |
| 260 |
_aWarszawa : _b"Wema", _c1971. |
||
| 300 |
_a23, [1] strony : _bilustracje ; _c24 cm. |
||
| 336 |
_aTekst _btxt _2rdacontent |
||
| 337 |
_aBez urządzenia pośredniczącego _bn _2rdamedia |
||
| 338 |
_aWolumin _bnc _2rdacarrier |
||
| 380 | _aKsiążki | ||
| 380 | _aPublikacje fachowe | ||
| 388 | 1 | _a1901-2000 | |
| 388 | 1 | _a1945-1989 | |
| 490 | 1 |
_aPrace Instytutu Technologii Elektronowej ; _vIV, 15 |
|
| 504 | _aBibliografia na stronie 23. | ||
| 506 | _aNa prawach rękopisu, do użytku służbowego. | ||
| 650 | 7 | _aTemperatura | |
| 650 | 7 | _aPomiary | |
| 650 | 7 | _aElektronika | |
| 650 | 7 | _aAnaliza spektralna | |
| 650 | 7 | _aEkscytony | |
| 655 | 7 | _aOpracowanie | |
| 658 | _aInżynieria i technika | ||
| 658 | _aFizyka i astronomia | ||
| 700 | 1 |
_aWardzyński, Wiesław _d(1924-1985) _eAutor |
|
| 700 | 1 |
_aGiriat, Witold _eAutor |
|
| 700 | 1 |
_aSzymczak, Henryk _eAutor |
|
| 700 | 1 |
_aKowalczyk, Ryszard _eAutor |
|
| 710 | 2 |
_aCentrum Naukowo-Produkcyjne Półprzewodników i Mikroelektroniki. _bInstytut Technologii Elektronowej |
|
| 710 | 2 |
_aWydawnictwa Przemysłu Maszynowego "Wema" _4pbl |
|
| 830 | 0 |
_aPrace Instytutu Technologii Elektronowej CEMI _vIV, 15 |
|
| 856 |
_uhttp://koha.tu.koszalin.pl/cgi-bin/koha/opac-detail.pl?biblionumber=25904 _yKatalog online BPK |
||
| 942 |
_2UKD _cKS |
||
| 999 |
_c25904 _d25904 |
||